| 000 | 00458nmm a2200157Ia 4500 | ||
|---|---|---|---|
| 008 | 251105s9999||||xx |||||||||||||||||und|| | ||
| 020 | _a9788467173123 | ||
| 041 | _aspa | ||
| 100 | _aRogers, Rosemary | ||
| 245 | 0 | _aCautiva del amor | |
| 264 |
_a[Madrid, España] : _bHarlequin, _c[Fecha de publicación no identificada] |
||
| 300 | _a0 páginas | ||
| 650 | _aHistorical fiction | ||
| 856 | _uhttps://public.digitaliapublishing.com/a/95979 | ||
| 942 | _cCF | ||
| 999 |
_c83554 _d83554 |
||